Diseño de estructuras de acero: Método LRFD
Saved in:
| Hovedforfatter: | |
|---|---|
| Format: | Bog |
| Sprog: | spansk |
| Udgivet: |
Ciudad de México
Alfaomega
2002
|
| Udgivelse: | 2a. ed |
| Fag: | |
| Tags: |
Tilføj Tag
Ingen Tags, Vær først til at tagge denne postø!
|
MARC
| LEADER | 00000cam a2200000 a 4500 | ||
|---|---|---|---|
| 001 | UCG0118 | ||
| 003 | CL-VaPUC | ||
| 008 | 100312e20020000MX |||||||||||||||||spa|d | ||
| 020 | |a 9701506375 | ||
| 082 | 0 | 4 | |a 624.1821 |b MCC |2 21 |
| 100 | |a McCormac, Jack C. |e autor |9 599954 | ||
| 245 | 1 | 0 | |a Diseño de estructuras de acero: Método LRFD |
| 250 | |a 2a. ed | ||
| 300 | |a 704 p | ||
| 942 | |c BK | ||
| 945 | |d 20100312 00:00:00 |a cmena | ||
| 260 | |a Ciudad de México |b Alfaomega |c 2002 | ||
| 650 | 0 | |a Construcciones metálicas |9 267978 | |
| 650 | 0 | |a Estructuras de acero |9 260344 | |
| 650 | 0 | |a Diseño de estructuras |9 260345 | |
| 650 | 7 | |a CARGAS ESTRUCTURALES |2 CL-VaPUC |9 502743 | |
| 650 | 0 | |a Resistencia de materiales |9 260095 | |
| 650 | 0 | |a Análisis estructural |9 260661 | |
| 650 | 0 | |a Carga axial |9 418457 | |
| 650 | 0 | |a Elementos estructurales |9 350100 | |
| 650 | 0 | |a Propiedades mecánicas |9 262507 | |
| 650 | 7 | |a INGENIERIA CIVIL ESTRUCTURAL |2 CL-VaPUC |9 470811 | |
| 583 | |a last modification |c 20121105 03:34:21 |k Rodrigo Vera | ||
| 999 | |c 339865 |d 339863 | ||
| 952 | |0 0 |1 0 |4 0 |6 624_182100000000000_MCC_2002 |7 0 |8 A |9 434108 |a BIBMEC |b BIBMEC |d 2019-11-22 |i 4650085 |o 624.1821 MCC 2002 |p 4650085 |r 2024-01-19 |w 2019-11-22 |y BK |k MEC | ||
| 952 | |0 0 |1 0 |4 0 |6 624_182100000000000_MCC_2002 |7 0 |8 A |9 434109 |a BIBMEC |b BIBMEC |d 2019-11-22 |i 4737792 |l 2 |o 624.1821 MCC 2002 |p 4737792 |r 2024-01-19 |s 2022-11-28 |w 2019-11-22 |y BK |k MEC | ||
| 952 | |0 0 |1 0 |4 0 |6 624_182100000000000_MCC_2002 |7 0 |8 A |9 434110 |a BIBMEC |b BIBMEC |d 2019-11-22 |i 4742524 |o 624.1821 MCC 2002 |p 4742524 |r 2024-01-19 |w 2019-11-22 |y BK |k MEC | ||
| 952 | |0 0 |1 0 |4 0 |6 624_182100000000000_MCC_2002 |7 0 |8 A |9 434111 |a BIBING |b BIBING |d 2019-11-22 |i 4839927 |l 2 |m 2 |o 624.1821 MCC 2002 |p 4839927 |r 2025-01-20 |s 2023-04-20 |w 2019-11-22 |y BK |k CCL | ||
| 952 | |0 0 |1 0 |4 0 |6 624_182100000000000_MCC_2002 |7 0 |8 A |9 434112 |a BIBING |b BIBING |d 2019-11-22 |i 4839935 |o 624.1821 MCC 2002 |p 4839935 |r 2025-01-20 |w 2019-11-22 |y BK |k CCL | ||